000 00653nam a22002177a 4500
999 _c4244
_d234748
020 _a9502106695
080 _a340.12+ 347.13 W 125
100 _aWagner Manuel A.
245 _aEl Derecho y el Hecho Juridico
_bTeoria. Interpretacion y Aplicacion Sistematica, arts. 16 y 896/ 919. Codigo Civil Argentino
260 _aBuenos Aires
_bPLus Ultra
_c1985
300 _a154 P.
650 _xderecho
650 _xdimension normologica
650 _xdimension sociologica
650 _xdimension axiologica
650 _xhecho juridico
650 _xhechos voluntarios
650 _xsilencio
942 _6_
945 _acd
_d2016-02-25